Consumer electronic : trends and analysis :

Bibliographic Details
Format: Book
Published: London: Euromonitor International, 2013.
Subjects:
LEADER 00546cam a2200169 7i4500
001 0000031391
005 20140529090000.0
090 0 0 |a P 621.12   |b CON 
245 0 0 |a Consumer electronic :   |b trends and analysis :   |b trends and analysis :   |b August 2013. 
260 0 0 |a London:   |b Euromonitor International,   |c 2013. 
300 # # |a 40 p. 
650 0 0 |a Computers  
650 0 0 |a Consumer electronic  
650 0 0 |a In-car entertainment  
650 0 0 |a Home audio and cinema  
650 0 0 |a Portable media players  
999 |a B000034165  |b Book  |c Products  |e Business Information Centre